| 000 | 00000nas 2200000za 4500 |
| 001 | 9.808397 |
| 003 | CaOODSP |
| 005 | 20221107140354 |
| 007 | cr ||||||||||| |
| 008 | 151230d19451946oncmr p oss f000#a0eng|d |
| 022 | |y0840-2698 |
| 040 | |aCaOODSP|beng |
| 043 | |an-cn--- |
| 086 | 1 |aCS61-001E-PDF |
| 245 | 00|aCheques cashed against individual accounts |h[electronic resource]. |
| 260 | |aOttawa : |bDominion Bureau of Statistics, |c[1945-1946]. |
| 310 | |aMonthly |
| 362 | 0 |aVol. 22, no. 1 (Jan. 1945)-v. 23, no. 3 (Mar. 1946). |
| 500 | |aDigitized edition from print [produced by Statistics Canada]. |
| 500 | |aCaption title. |
| 550 | |aIssued Feb. 1946 by Business Statistics Branch; Mar. 1946 by Dominion Bureau of Statistics. |
| 692 | 07|2gccst|aBanking |
| 692 | 07|2gccst|aFinance |
| 710 | 1 |aCanada.|bDominion Bureau of Statistics.|bBusiness Statistics Branch. |
| 710 | 1 |aCanada. |bDominion Bureau of Statistics. |
| 780 | 00|tCheques cashed in clearing centres of Canada |w(CaOODSP)9.808396 |
| 785 | 00|tCheques cashed and money supply |w(CaOODSP)9.808398 |